Missing Word: Video Game to Movie Adaptations Quiz Stats

 Plays Quiz Updated Apr 18, 2015

Score 0/12 Timer 03:00
0 Plays Today
Movie Missing Word % Correct
Super ____ Bros.Mario
99.7%
____ KombatMortal
97.7%
Lara Croft: ____ RaiderTomb
97.6%
Need For ____Speed
89.9%
____ Evil: ApocalypseResident
85.4%
Prince of ____: The Sands of TimePersia
74%
Final ____ : The Spirits WithinFantasy
68.5%
Silent ____Hill
54.5%
Max ____Payne
50.4%
____ DragonDouble
38.7%
____ in the DarkAlone
34.4%
Wing ____Commander
32.3%

Today's Daily Dose

Remove Ads.
Support Sporcle.
Get the best of Sporcle when you Go Orange. This ad-free experience offers more features, more stats, and more fun while also helping to support Sporcle. Thank you for becoming a member.

You're not logged in!

Compare scores with friends on all Sporcle quizzes.
OR
Log In

Sporcle TV

Today on Sporcle TV


Watch our educational content, quiz creation guides, and fun videos on Sporcle TV.

Show Comments

Extras

Top Quizzes Today


Score Distribution

Paid Content

Your Account Isn't Verified!

In order to create a playlist on Sporcle, you need to verify the email address you used during registration. Go to your Sporcle Settings to finish the process.

Report this User

Report this user for behavior that violates our Community Guidelines.

Details: